[Event "Schleswig Holstein-ch U14 Vormeister"]
[Site "Neumuenster"]
[Date "2010.04.11"]
[Round "9"]
[White "Altunel, Onur"]
[Black "Dreessen, Jakob"]
[Result "0-1"]
[WhiteElo "1292"]
[BlackElo "1046"]
[PlyCount "34"]
[EventDate "2010.04.05"]
[EventType "swiss"]
[EventRounds "9"]
[EventCountry "GER"]
[SourceTitle "EXT 2023"]
[Source "ChessBase"]
[SourceDate "2022.10.05"]
[SourceVersion "1"]
[SourceVersionDate "2022.10.05"]
[SourceQuality "1"]

1. e4 e6 2. d4 d5 3. e5 c5 4. c3 Nc6 5. Nf3 Qb6 6. g3 Nge7 7. Bh3 Ng6 8. 0-0 Be7 9. b3 h6 10. Bg2 Bd7 11. Qd3 0-0 12. Be3 Rac8 13. Rd1 cxd4 14. cxd4 Nb4 15. Qf1 Nc2 16. Nbd2 Nxa1 17. Rxa1 Rc7 0-1

[Event "Schleswig Holstein-ch U14 Vormeister"]
[Site "Neumuenster"]
[Date "2010.04.06"]
[Round "3"]
[White "Altunel, Onur"]
[Black "Mueller, Kay"]
[Result "1/2-1/2"]
[WhiteElo "1292"]
[BlackElo "1145"]
[PlyCount "56"]
[EventDate "2010.04.05"]
[EventType "swiss"]
[EventRounds "9"]
[EventCountry "GER"]
[SourceTitle "EXT 2023"]
[Source "ChessBase"]
[SourceDate "2022.10.05"]
[SourceVersion "1"]
[SourceVersionDate "2022.10.05"]
[SourceQuality "1"]

1. e4 c6 2. Nc3 d5 3. f3 e5 4. b3 Nf6 5. exd5 cxd5 6. d4 Nc6 7. dxe5 Nxe5 8. Bb2 Bb4 9. Bb5+ Nc6 10. Nge2 Bd7 11. 0-0 a6 12. Bd3 0-0 13. Nf4 d4 14. Nce2 Qe7 15. Kh1 Qe5 16. g3 Nd5 17. Nxd5 Qxd5 18. Nxd4 Bc5 19. Nxc6 bxc6 20. Bc4 Qxd1 21. Raxd1 Bf5 22. Bd3 Bh3 23. Rfe1 Rfe8 24. g4 Bb4 25. Rxe8+ Rxe8 26. Bxa6 f5 27. gxf5 Bc5 28. Bc1 Bxf5 1/2-1/2